000 00505nam a2200181Ia 4500
005 20250508162449.0
008 008 250505s9999 xx 000 0 hin d
037 _aTextual
040 _aFEDL
_beng
_cFEDL
041 _ahin
_2eng
084 _aB, MAH
_qFEDL
100 _aMahadev Prasad
_9773210
245 0 _aMahatma Gandhi ka samaj-darshan
260 _aChandigarh, India
_bHaryana Hindi Granth Akademi
_c1975
300 _axx,245p
942 _cTEXL
_hB, MAH
999 _c1376716
_d1376716